000 00381nam a22001457a 4500
003 MACL
005 20170525120318.0
008 170525b xxu||||| |||| 00| 0 eng d
040 _cMACL
100 _aNag Kingshuk
_965358
245 _aAtal Bihari Vajpayee
_bA Man for all seasons
260 _aNew delhi
_bRupa publication
_c2016
650 _aBiography
_967194
942 _2ddc
_cBK
999 _c56361
_d56361